Devine le joueur grâce à ses clubs #Difficile 2 - Statistiques

Statistiques générales
  • Ce quiz a été pris 84 fois
  • Le résultat moyen est 6 sur 10
Statistiques - réponses
Par images Réponse % Correct
Nedved
87%
Kvaratskhelia
80%
Klose
79%
Khedira
69%
Mkhitaryan
64%
Van Nistelrooy
61%
Mexès
56%
Crespo
49%
Stoichkov
49%
Seedorf
47%
Aucun quiz correspondant
Distribution des résultats
% des personnes avec chaque résultat
Percentile par nombre de réponses
Votre historique - résultats
Vous n’avez pas pris ce quiz